| 000 | 00909nam a2200229Ia 4500 | ||
|---|---|---|---|
| 001 | 8778 | ||
| 003 | GE_BSU | ||
| 008 | 181216s||||||||xx |||||||||||||| ||und|| | ||
| 020 | _a9789942129667 | ||
| 040 | _cGE_BSU | ||
| 080 | _a339.1(479.22) | ||
| 100 | _aმამულაძე,გელა | ||
| 245 | _aვაჭრობის სფეროში არსებული პრობლემები და მათი სრულყოფის გზები | ||
| 245 | _cრედ:ბადრი გეჩბაია | ||
| 260 | _aთბილისი | ||
| 260 | _b[გ.გ] | ||
| 260 | _c2013 | ||
| 300 | _a108გვ;19სმ. | ||
| 300 | _bბიბლიოგრ.გვ.107–108 | ||
| 653 | _aვაჭრობის სფეროში არსებული პრობლემები და მათი სრულყოფის გზები | ||
| 942 | _cBK | ||
| 999 |
_c42088 _d42088 |
||